[Event "III Festival Marche Estate Magistrale"]
[Site "Falconara Marittima ITA"]
[Date "2005.07.20"]
[Round "4"]
[White "Gromovs, Sergejs"]
[Black "Ferretti, Folco"]
[Result "1/2-1/2"]
[WhiteElo "2375"]
[BlackElo "2272"]
[PlyCount "69"]
[EventDate "2005.07.18"]

1.d4 Nf6 2.Nf3 e6 3.c4 b6 4.a3 Bb7 5.Nc3 d5 6.cxd5 exd5 7.g3 Be7 8.Bg2 O-O
9.O-O c5 10.Bg5 Ne4 11.Bxe7 Qxe7 12.Rc1 Nd7 13.e3 Ndf6 14.Ne5 Rac8 15.Ne2 
Ba6 16.Re1 cxd4 17.exd4 Bxe2 18.Qxe2 Qb7 19.Bh3 Rc7 20.Qe3 Re8 21.Rxc7 
Qxc7 22.Rc1 Qb7 23.Rc2 Nd6 24.Qc1 Nb5 25.Nc6 Nd6 26.b3 a5 27.a4 b5 28.Nxa5
Qb6 29.Qd2 bxa4 30.Rc6 Qb8 31.bxa4 Nde4 32.Qc2 Qb4 33.Nb3 Qxa4 34.Rc8 g6 
35.Rxe8+ 1/2-1/2

[Event "III Festival Marche Estate Magistrale"]
[Site "Falconara Marittima ITA"]
[Date "2005.07.20"]
[Round "4"]
[White "Maksimenko, Andrei"]
[Black "Okhotnik, Vladimir"]
[Result "1-0"]
[WhiteElo "2505"]
[BlackElo "2404"]
[PlyCount "41"]
[EventDate "2005.07.18"]

1.c4 e5 2.Nc3 Nf6 3.Nf3 e4 4.Ng5 b5 5.d3 bxc4 6.dxe4 Nc6 7.e3 h6 8.Nf3 Bb4
9.Bxc4 Nxe4 10.Bxf7+ Kf8 11.O-O Nxc3 12.bxc3 Ba6 13.cxb4 Bxf1 14.Bb3 Qf6 
15.Qd5 Ke7 16.Bb2 Qxb2 17.Rxf1 Qf6 18.b5 Na5 19.Qe4+ Kd6 20.Qb4+ c5 21.
bxc6+ 1-0

[Event "III Festival Marche Estate Magistrale"]
[Site "Falconara Marittima ITA"]
[Date "2005.07.20"]
[Round "4"]
[White "Pegoraro, Nicola"]
[Black "Borgiani, Flavio"]
[Result "1-0"]
[WhiteElo "2085"]
[BlackElo "2208"]
[PlyCount "111"]
[EventDate "2005.07.18"]

1.e4 e6 2.d4 c5 3.Nf3 a6 4.c4 cxd4 5.Nxd4 Nf6 6.Nc3 Qc7 7.a3 b6 8.Be3 Bb7 
9.f3 d6 10.Rc1 Nbd7 11.Be2 Be7 12.O-O O-O 13.b4 Rac8 14.Na4 Qb8 15.Qd2 Bd8
16.Kh1 Bc7 17.Rc2 Kh8 18.Bg1 Rg8 19.Rb1 Qa8 20.c5 dxc5 21.bxc5 bxc5 22.
Nxc5 Nxc5 23.Rxc5 e5 24.Nf5 Nxe4 25.fxe4 Bxe4 26.Bd3 Rcd8 27.Bxe4 Qxe4 28.
Qc2 Qxc2 29.Rxc2 Bd6 30.Nxd6 Rxd6 31.Rc7 f6 32.h3 h5 33.Kh2 Kh7 34.a4 Rd5 
35.Bc5 Kg6 36.Rb6 Ra8 37.Rd6 Rxd6 38.Bxd6 h4 39.Bc5 Kh6 40.Rc6 Kg5 41.a5 
Kf4 42.Bf2 Ke4 43.Bxh4 Kd5 44.Rb6 Ra7 45.Bf2 Ra8 46.g4 Ke4 47.Kg3 Kd3 48.
Rd6+ Ke4 49.Rb6 Kd3 50.h4 Ke4 51.h5 Rc8 52.Rxa6 Rc3+ 53.Kg2 Kf4 54.h6 gxh6
55.Rxf6+ Kxg4 56.a6 1-0

[Event "III Festival Marche Estate Magistrale"]
[Site "Falconara Marittima ITA"]
[Date "2005.07.20"]
[Round "4"]
[White "Raineri, Valerio"]
[Black "Rinaudo, Sergio"]
[Result "1/2-1/2"]
[WhiteElo "2145"]
[BlackElo "2087"]
[PlyCount "82"]
[EventDate "2005.07.18"]

1.e4 e5 2.Nf3 Nf6 3.Nc3 Bb4 4.Bc4 O-O 5.d3 d5 6.exd5 Nxd5 7.Bd2 Nxc3 8.
bxc3 Bd6 9.h3 h6 10.O-O Nc6 11.a4 Qf6 12.Nh2 Qg6 13.Kh1 Bd7 14.f4 Rae8 15.
Qf3 exf4 16.Bxf4 Ne5 17.Bxe5 Bxe5 18.d4 Bc6 19.Qg4 Qxg4 20.Nxg4 Bd6 21.Bd3
h5 22.Nh2 Re3 23.Kg1 Rg3 24.Rf2 f6 25.Nf1 Rg5 26.a5 a6 27.Bf5 g6 28.Be6+ 
Kg7 29.h4 Rb5 30.c4 Rb4 31.c5 Be7 32.c3 Rb5 33.Bc4 Rxc5 34.dxc5 Bxc5 35.
Nd2 Re8 36.Nb3 Bxf2+ 37.Kxf2 Re4 38.Nd4 Rxh4 39.Re1 Be4 40.g3 Rh2+ 41.Ke3 
f5 1/2-1/2

[Event "III Festival Marche Estate Magistrale"]
[Site "Falconara Marittima ITA"]
[Date "2005.07.20"]
[Round "4"]
[White "Rinaudo, Andrea"]
[Black "Faber, Hugo"]
[Result "1-0"]
[WhiteElo "2130"]
[BlackElo "2167"]
[PlyCount "99"]
[EventDate "2005.07.18"]

1.e4 Nf6 2.e5 Nd5 3.c4 Nb6 4.d4 d6 5.f4 dxe5 6.fxe5 c5 7.dxc5 Qxd1+ 8.Kxd1
Na4 9.b3 Nxc5 10.Be3 Bg4+ 11.Be2 Bxe2+ 12.Kxe2 e6 13.Nc3 a6 14.Nf3 Nc6 15.
Rad1 Nd7 16.Bf4 h6 17.g4 O-O-O 18.Ne4 Bb4 19.Nd6+ Bxd6 20.Rxd6 Nc5 21.Rhd1
Ne4 22.Rxd8+ Rxd8 23.Rxd8+ Kxd8 24.Bd2 Kc7 25.Be1 a5 26.Kd3 Nc5+ 27.Kc3 
Nb4 28.a3 Nbd3 29.Bg3 Nc1 30.Nd4 a4 31.bxa4 N1d3 32.a5 Nf2 33.Nb5+ Kc6 34.
Nd6 Nce4+ 35.Kd4 Nxd6 36.Bxf2 Ne8 37.Be1 g6 38.Bb4 h5 39.h3 hxg4 40.hxg4 
Nc7 41.Bf8 Ne8 42.Ke4 Nc7 43.Kf4 Na6 44.Kg5 Nc5 45.Bxc5 Kxc5 46.Kf6 Kd4 
47.g5 Ke4 48.c5 Kd5 49.Kxf7 Kxe5 50.c6 1-0

[Event "III Festival Marche Estate Magistrale"]
[Site "Falconara Marittima ITA"]
[Date "2005.07.20"]
[Round "4"]
[White "Stromboli, Carlo"]
[Black "Astengo, Corrado"]
[Result "1-0"]
[WhiteElo "2158"]
[BlackElo "2129"]
[PlyCount "129"]
[EventDate "2005.07.18"]

1.e4 c5 2.Nf3 d6 3.d4 cxd4 4.Nxd4 Nf6 5.Nc3 a6 6.Be3 e5 7.Nb3 Be6 8.f3 Be7
9.Qd2 Nc6 10.Nd5 Bxd5 11.exd5 Nb8 12.a4 b6 13.Be2 Qc7 14.O-O Qb7 15.Rfd1 
Nbd7 16.Ra3 O-O 17.Na1 Rfc8 18.b4 Bd8 19.Qd3 Ne8 20.c3 Nc7 21.Nb3 Nf6 22.
c4 Nce8 23.Raa1 Nd7 24.Rac1 a5 25.c5 bxc5 26.Nxc5 dxc5 27.bxc5 Nxc5 28.
Rxc5 Rxc5 29.Bxc5 Rc8 30.Be3 Bb6 31.Qb3 Bxe3+ 32.Qxe3 Qc7 33.d6 Nxd6 34.
Qxe5 Qb6+ 35.Qd4 Qxd4+ 36.Rxd4 Nb7 37.Ba6 Rd8 38.Rc4 Nd6 39.Rc5 Ra8 40.Bd3
Kf8 41.Kf2 h6 42.Ke3 Ke7 43.Kd4 Ke6 44.f4 Kd7 45.Kd5 g6 46.Rc6 Ne8 47.Bb5 
Nc7+ 48.Kc5 Nxb5 49.Kxb5 Re8 50.Rc2 Re4 51.g3 Re1 52.Kxa5 Rb1 53.Ka6 h5 
54.a5 Rb4 55.Rc5 Rb2 56.Rb5 Rxh2 57.Kb7 Rg2 58.Rb3 Ra2 59.a6 Ke6 60.Rb5 f6
61.a7 g5 62.fxg5 fxg5 63.Rxg5 Rb2+ 64.Ka6 Ra2+ 65.Ra5 1-0

[Event "III Festival Marche Estate Magistrale"]
[Site "Falconara Marittima ITA"]
[Date "2005.07.20"]
[Round "4"]
[White "Stromboli, Ettore"]
[Black "Rossi, Aldo A."]
[Result "1-0"]
[WhiteElo "2192"]
[BlackElo "2154"]
[PlyCount "83"]
[EventDate "2005.07.18"]

1.e4 c5 2.Nf3 d6 3.d4 cxd4 4.Nxd4 Nf6 5.f3 e5 6.Bb5+ Bd7 7.Bxd7+ Qxd7 8.
Nf5 d5 9.Bg5 dxe4 10.Bxf6 Qxd1+ 11.Kxd1 gxf6 12.fxe4 Nc6 13.c3 Rd8+ 14.Ke2
Ne7 15.Nd2 Nxf5 16.exf5 Rg8 17.g3 h5 18.Ne4 Be7 19.h3 Rd7 20.Rad1 Kd8 21.
Rxd7+ Kxd7 22.Rd1+ Kc7 23.Kf3 Kc6 24.Ke3 Kc7 25.Rd5 Kc6 26.c4 b6 27.a3 a5 
28.Kf3 a4 29.Nc3 Rg5 30.g4 hxg4+ 31.hxg4 Bc5 32.Nxa4 Bd4 33.b4 Rg8 34.b5+ 
Kc7 35.c5 Ra8 36.cxb6+ Kc8 37.Nc5 Rxa3+ 38.Kg2 Bxc5 39.Rxc5+ Kb8 40.Rc7 
Rd3 41.Rxf7 Rd6 42.Re7 1-0

[Event "III Festival Marche Estate Magistrale"]
[Site "Falconara Marittima ITA"]
[Date "2005.07.20"]
[Round "4"]
[White "Tencati, Giuseppe"]
[Black "Mazzariol, Oscar"]
[Result "1/2-1/2"]
[WhiteElo "2109"]
[BlackElo "2078"]
[PlyCount "90"]
[EventDate "2005.07.18"]

1.d4 Nf6 2.c4 g6 3.Nc3 Bg7 4.e4 O-O 5.Nf3 d6 6.Be2 c5 7.d5 e5 8.a3 Na6 9.
Rb1 Nh5 10.g3 f5 11.Ng5 Nf6 12.exf5 gxf5 13.f4 e4 14.Qc2 h6 15.Nh3 Nc7 16.
b4 cxb4 17.axb4 b5 18.Nxb5 Nxb5 19.cxb5 Bb7 20.Bc4 Rc8 21.Qa2 Qc7 22.Bb3 
Qc3+ 23.Qd2 Nxd5 24.Qxc3 Bxc3+ 25.Bd2 Kg7 26.Bxd5 Bxd5 27.Bxc3+ Rxc3 28.
Ra1 Rf7 29.O-O e3 30.Rfc1 Rxc1+ 31.Rxc1 Re7 32.Kf1 Be4 33.Ke2 d5 34.Rd1 
Kf7 35.Ng1 Ke8 36.Rd4 Bg2 37.Rd3 Be4 38.Rd4 Rc7 39.Kxe3 Rc3+ 40.Ke2 Rc1 
41.Kf2 Kd7 42.Ne2 Rc2 43.Ke3 Kc7 44.Rd2 Rc4 45.Rd4 Rc2 1/2-1/2

[Event "III Festival Marche Estate Magistrale"]
[Site "Falconara Marittima ITA"]
[Date "2005.07.21"]
[Round "5"]
[White "Astengo, Corrado"]
[Black "Padovani, Alessio"]
[Result "1/2-1/2"]
[WhiteElo "2129"]
[BlackElo "2008"]
[PlyCount "41"]
[EventDate "2005.07.18"]

1.e4 d5 2.exd5 Qxd5 3.Nc3 Qa5 4.d4 c6 5.Bc4 Bf5 6.Nf3 Nf6 7.Qe2 e6 8.Bd2 
Bb4 9.a3 Nbd7 10.O-O-O Bxc3 11.Bxc3 Qc7 12.Bd2 O-O-O 13.Ne5 Nxe5 14.dxe5 
Nd5 15.g4 Bg6 16.f4 h5 17.h3 Qb6 18.Qf3 Qd4 19.Bxd5 Qxd5 20.Qxd5 Rxd5 21.
g5 1/2-1/2

[Event "III Festival Marche Estate Magistrale"]
[Site "Falconara Marittima ITA"]
[Date "2005.07.21"]
[Round "5"]
[White "Borgiani, Flavio"]
[Black "Rinaudo, Andrea"]
[Result "1/2-1/2"]
[WhiteElo "2208"]
[BlackElo "2130"]
[PlyCount "114"]
[EventDate "2005.07.18"]

1.d4 Nf6 2.Nf3 e6 3.c4 d5 4.Qc2 Nbd7 5.cxd5 exd5 6.Bf4 c6 7.Nc3 Be7 8.e3 
Nh5 9.Bg3 Nxg3 10.hxg3 Nf6 11.Ne5 Bd6 12.O-O-O h6 13.e4 Be6 14.exd5 Bxd5 
15.Nxd5 Nxd5 16.Qf5 Bxe5 17.Qxe5+ Kf8 18.Bc4 Rc8 19.Kb1 Rc7 20.Bxd5 cxd5 
21.Rc1 Rd7 22.Rc5 b6 23.Rc6 f6 24.Qe6 Qe8 25.Qxe8+ Kxe8 26.Rc8+ Rd8 27.
Rhc1 Kd7 28.R8c7+ Ke6 29.R1c6+ Kf5 30.f3 Rhe8 31.Rxg7 Re1+ 32.Kc2 Re2+ 33.
Kd3 Rxb2 34.g4+ Kf4 35.Rxf6+ Kg3 36.g5 hxg5 37.Rxg5+ Kf2 38.Rff5 Rb5 39.
Re5 Ra5 40.Re2+ Kf1 41.Rc2 Ra3+ 42.Kd2 Kf2 43.f4 Rf8 44.g3 Kf3 45.Rc3+ 
Rxc3 46.Kxc3 Rc8+ 47.Kd3 Rc1 48.f5 Rd1+ 49.Kc3 Ke4 50.f6 Rd3+ 51.Kc2 Rf3 
52.Rg4+ Kf5 53.Rg8 Ke6 54.Re8+ Kf7 55.Re7+ Kxf6 56.Rxa7 Rxg3 57.Ra6 Kf5 
1/2-1/2

[Event "III Festival Marche Estate Magistrale"]
[Site "Falconara Marittima ITA"]
[Date "2005.07.21"]
[Round "5"]
[White "Brigati, Alessandro"]
[Black "Stromboli, Carlo"]
[Result "1-0"]
[WhiteElo "2034"]
[BlackElo "2158"]
[PlyCount "74"]
[EventDate "2005.07.18"]

1.Nf3 e6 2.d4 Nf6 3.Bf4 b6 4.e3 Bb7 5.Nbd2 Be7 6.h3 O-O 7.Bd3 c5 8.c3 d6 
9.e4 Nbd7 10.e5 Nd5 11.Bg3 cxd4 12.cxd4 dxe5 13.dxe5 Nc5 14.Be2 Rc8 15.O-O
Nb4 16.a3 Nbd3 17.Qb1 Ba6 18.Rd1 Rc7 19.Bf1 Qd5 20.b4 Na4 21.Ne4 Qxe4 22.
Bxd3 Bxd3 23.Qxd3 Qxd3 24.Rxd3 Nc3 25.Bh4 Bxh4 26.Nxh4 Nd5 27.Rad1 Rc4 28.
Nf3 Rfc8 29.g3 Kf8 30.Nd4 Rc1 31.Rxc1 Rxc1+ 32.Kg2 Ke7 33.f4 Kd7 34.Kf3 a6
35.Rb3 b5 36.Rd3 Kc7 37.Nb3 a5 1-0

[Event "III Festival Marche Estate Magistrale"]
[Site "Falconara Marittima ITA"]
[Date "2005.07.21"]
[Round "5"]
[White "Castrogiovanni, Carlo"]
[Black "Del Dotto, Riccardo"]
[Result "0-1"]
[WhiteElo "2108"]
[BlackElo "2127"]
[PlyCount "88"]
[EventDate "2005.07.18"]

1.Nf3 d5 2.c4 c6 3.e3 Nf6 4.b3 Bf5 5.Bb2 e6 6.Be2 h6 7.O-O Nbd7 8.Nc3 Bd6 
9.d4 Ne4 10.Nxe4 Bxe4 11.Nd2 Bg6 12.f3 Qh4 13.f4 O-O 14.c5 Bc7 15.b4 Qe7 
16.Bc3 f6 17.b5 e5 18.f5 exd4 19.exd4 Qe3+ 20.Kh1 Qxc3 21.bxc6 bxc6 22.
fxg6 Qxd4 23.Rc1 Nxc5 24.Qc2 Bd6 25.Rfd1 Qf4 26.Nf3 Rfe8 27.Rf1 Re3 28.g3 
Qe4 29.Qxe4 Rxe4 30.Bd1 Rc8 31.Bc2 Rc4 32.Nh4 Ne4 33.Nf5 Ba3 34.Bxe4 Rxc1 
35.Rxc1 Bxc1 36.Ne7+ Kf8 37.Nxc8 dxe4 38.Nxa7 e3 39.Kg2 e2 40.Kf2 Be3+ 41.
Kxe2 Bxa7 42.g4 Ke7 43.h4 Ke6 44.Kd3 Ke5 0-1

[Event "III Festival Marche Estate Magistrale"]
[Site "Falconara Marittima ITA"]
[Date "2005.07.21"]
[Round "5"]
[White "Dekker, Bart"]
[Black "Pegoraro, Nicola"]
[Result "1-0"]
[WhiteElo "2144"]
[BlackElo "2085"]
[PlyCount "65"]
[EventDate "2005.07.18"]

1.d4 f5 2.g3 Nf6 3.Bg2 g6 4.Nh3 Bg7 5.Nf4 Nc6 6.c3 e5 7.dxe5 Nxe5 8.Qb3 c6
9.Nd2 Qe7 10.O-O Qf7 11.Nd3 Qxb3 12.axb3 Nxd3 13.exd3 d5 14.Re1+ Kf7 15.
Nf3 Re8 16.Be3 a6 17.Bd4 Bd7 18.Ne5+ Kg8 19.Re3 Be6 20.Rae1 Bf7 21.h3 Re6 
22.f4 Rae8 23.Kf2 Bf8 24.b4 Bd6 25.Nxc6 Rxe3 26.Rxe3 Rxe3 27.Kxe3 Nh5 28.
Nd8 b5 29.Nxf7 Kxf7 30.Bxd5+ Ke7 31.Kf3 Bc7 32.Bb7 a5 33.bxa5 1-0

[Event "III Festival Marche Estate Magistrale"]
[Site "Falconara Marittima ITA"]
[Date "2005.07.21"]
[Round "5"]
[White "Ferretti, Folco"]
[Black "Dvirnyy, Danyyil"]
[Result "1/2-1/2"]
[WhiteElo "2272"]
[BlackElo "2141"]
[PlyCount "74"]
[EventDate "2005.07.18"]

1.Nf3 Nf6 2.c4 g6 3.g3 Bg7 4.Bg2 O-O 5.Nc3 d6 6.O-O e5 7.d3 Nc6 8.Rb1 a5 
9.a3 h6 10.b4 axb4 11.axb4 Be6 12.b5 Ne7 13.Qb3 Qd7 14.Ba3 Bh3 15.Rfc1 
Bxg2 16.Kxg2 b6 17.Bb2 Nh5 18.Nd5 Kh7 19.Ra1 f5 20.d4 e4 21.Nd2 Nxd5 22.
cxd5 Nf6 23.Qc4 Rxa1 24.Bxa1 Ra8 25.Nf1 f4 26.gxf4 Qg4+ 27.Ng3 Qxf4 28.e3 
Qf3+ 29.Kg1 h5 30.Qe2 Qxe2 31.Nxe2 Nxd5 32.Ng3 Nf6 33.Bc3 d5 34.Bb4 Ra4 
35.Be7 Ne8 36.Ne2 Kg8 37.Nf4 Rc4 1/2-1/2

[Event "III Festival Marche Estate Magistrale"]
[Site "Falconara Marittima ITA"]
[Date "2005.07.21"]
[Round "5"]
[White "Gardon, Ermanno"]
[Black "Raineri, Valerio"]
[Result "1-0"]
[WhiteElo "2178"]
[BlackElo "2145"]
[PlyCount "75"]
[EventDate "2005.07.18"]

1.c4 Nf6 2.Nc3 g6 3.b4 Bg7 4.Bb2 O-O 5.Nf3 d6 6.g3 e5 7.d3 Nc6 8.b5 Ne7 9.
Bg2 Nh5 10.O-O f5 11.Qb3 Kh8 12.Rad1 Nf6 13.Nd5 Nexd5 14.cxd5 Ne8 15.Nd2 
f4 16.Ne4 Bf5 17.d4 Bxe4 18.Bxe4 Qe7 19.Qc2 exd4 20.Bf3 Qd7 21.Bxd4 Qxb5 
22.Bxg7+ Kxg7 23.Rb1 Qa6 24.Qb2+ Nf6 25.Qxb7 Qxb7 26.Rxb7 Ne8 27.Bg4 Rf7 
28.Be6 Rf6 29.Rc1 fxg3 30.hxg3 Kh6 31.Rc4 Ng7 32.Rh4+ Nh5 33.Rxc7 g5 34.
Ra4 Raf8 35.Raxa7 Rxf2 36.Bf7 Rf6 37.g4 Nf4 38.e3 1-0

[Event "III Festival Marche Estate Magistrale"]
[Site "Falconara Marittima ITA"]
[Date "2005.07.21"]
[Round "5"]
[White "Giacometti, Carlo"]
[Black "Cecchetto, Vanni"]
[Result "1-0"]
[WhiteElo "2089"]
[BlackElo "2019"]
[PlyCount "85"]
[EventDate "2005.07.18"]

1.Nc3 Nf6 2.d4 d5 3.Bg5 e6 4.e4 dxe4 5.Nxe4 Be7 6.Bxf6 Bxf6 7.Nf3 O-O 8.c3
b6 9.Bd3 Bb7 10.O-O Nd7 11.Qe2 Qe7 12.Rfe1 Rac8 13.Ba6 Bxa6 14.Qxa6 c5 15.
Qxa7 Rfd8 16.Nxf6+ Qxf6 17.Ne5 Nxe5 18.dxe5 Qf5 19.Rad1 Rxd1 20.Rxd1 Qxe5 
21.Qxb6 g6 22.Qd6 Qxd6 23.Rxd6 c4 24.Rb6 Kg7 25.Kf1 Kf6 26.a4 h5 27.a5 Rc5
28.Rb4 Ke5 29.Ra4 Rc7 30.Ke2 f5 31.a6 Ra7 32.Ke3 f4+ 33.Kf3 g5 34.Ra5+ Kf6
35.h4 gxh4 36.Kxf4 e5+ 37.Ke4 Kg5 38.Kxe5 h3 39.gxh3 Kh4 40.Kd4 Kxh3 41.
Rxh5+ Kg2 42.Ra5 Kxf2 43.Kxc4 1-0

[Event "III Festival Marche Estate Magistrale"]
[Site "Falconara Marittima ITA"]
[Date "2005.07.21"]
[Round "5"]
[White "Mazzariol, Oscar"]
[Black "Foglia, Maurizio"]
[Result "0-1"]
[WhiteElo "2078"]
[BlackElo "2114"]
[PlyCount "102"]
[EventDate "2005.07.18"]

1.e4 Nf6 2.e5 Nd5 3.c4 Nb6 4.c5 Nd5 5.Bc4 e6 6.d4 b6 7.cxb6 axb6 8.Ne2 Bb7
9.O-O f5 10.Bxd5 exd5 11.Nf4 g6 12.Nc3 c6 13.Nh5 Be7 14.Ng7+ Kf7 15.Nxf5 
gxf5 16.Qh5+ Kg8 17.g4 f4 18.Bxf4 Qf8 19.Bh6 Qf7 20.Qh3 Bf8 21.f4 Qg6 22.
Bxf8 Kxf8 23.f5 Qg5 24.Qg3 Rg8 25.Rf4 h5 26.h4 Qxg4 27.Rxg4 Rxg4 28.Qxg4 
hxg4 29.Kf2 c5 30.Kg3 cxd4 31.Ne2 Nc6 32.Kxg4 Nxe5+ 33.Kg5 d3 34.Nf4 Kf7 
35.h5 Nf3+ 36.Kg4 d4 37.Nxd3 Rg8+ 38.Kf4 Kf6 39.Nf2 Ne5 40.h6 Rh8 41.Ne4+ 
Bxe4 42.Kxe4 Rxh6 43.Kxd4 Rh2 44.b4 Kxf5 45.a4 Nc6+ 46.Kc4 Rh4+ 47.Kc3 
Rxb4 48.a5 bxa5 49.Rxa5+ Nxa5 50.Kxb4 Nc6+ 51.Kc5 Ke6 0-1

[Event "III Festival Marche Estate Magistrale"]
[Site "Falconara Marittima ITA"]
[Date "2005.07.21"]
[Round "5"]
[White "Okhotnik, Vladimir"]
[Black "Gromovs, Sergejs"]
[Result "1-0"]
[WhiteElo "2404"]
[BlackElo "2375"]
[PlyCount "81"]
[EventDate "2005.07.18"]

1.e4 c5 2.Nf3 d6 3.Bc4 e6 4.O-O Nc6 5.d3 Nf6 6.Bb3 Be7 7.c3 O-O 8.Re1 b5 
9.Nbd2 a5 10.Bc2 e5 11.Nf1 Qc7 12.Bg5 Ng4 13.Bd2 f5 14.h3 fxe4 15.dxe4 Nf6
16.a4 bxa4 17.Bxa4 h6 18.Bb3+ Kh7 19.Ne3 Rb8 20.Bc1 Nd8 21.Nf5 Ne6 22.Nxe7
Qxe7 23.Rxa5 g6 24.Bc4 Nh5 25.Nh2 Nef4 26.Ng4 Ng7 27.Re3 Nge6 28.Nh2 Ng5 
29.Bf1 Bd7 30.Qe1 Bc6 31.h4 Nge6 32.g3 Nh5 33.Bh3 Ra8 34.Rxa8 Rxa8 35.Qd2 
Ra1 36.Re1 Qb7 37.Bg2 Nf6 38.Bf3 Nxe4 39.Bxe4 Bxe4 40.g4 d5 41.f3 1-0

[Event "III Festival Marche Estate Magistrale"]
[Site "Falconara Marittima ITA"]
[Date "2005.07.21"]
[Round "5"]
[White "Rinaudo, Sergio"]
[Black "Faber, Hugo"]
[Result "0-1"]
[WhiteElo "2087"]
[BlackElo "2167"]
[PlyCount "104"]
[EventDate "2005.07.18"]

1.d4 Nf6 2.Nf3 g6 3.Nbd2 Bg7 4.e4 d6 5.Bd3 O-O 6.O-O Nh5 7.c3 c6 8.a4 Nd7 
9.Nc4 Ndf6 10.Re1 d5 11.exd5 Nxd5 12.Nce5 Nhf4 13.Bc4 Qd6 14.Ng5 Ne6 15.
Ne4 Qd8 16.Qb3 Kh8 17.a5 f6 18.Nd3 Nec7 19.Bf4 Nxf4 20.Nxf4 e5 21.dxe5 
fxe5 22.Nd3 Rb8 23.Ndc5 Qe7 24.f3 Bf5 25.Rad1 b6 26.axb6 axb6 27.Na6 Nxa6 
28.Bxa6 Bxe4 29.Rxe4 b5 30.Ra1 Qa7+ 31.Kh1 Rb6 32.Qa3 Ra8 33.Qc5 Rxa6 34.
Rxa6 Qxa6 35.h4 Qb7 36.Qd6 Rc8 37.b3 Qc7 38.Qe6 Rd8 39.Qg4 Qd7 40.Qg5 Rf8 
41.Rg4 Qd8 42.Qc1 Rf7 43.Kh2 Qd6 44.Re4 Rd7 45.Qe3 h5 46.b4 Kh7 47.Kh3 Bh6
48.Qe2 Bf4 49.Qe1 Qe6+ 50.g4 hxg4+ 51.Kg2 gxf3+ 52.Kxf3 Qh3+ 0-1

[Event "III Festival Marche Estate Magistrale"]
[Site "Falconara Marittima ITA"]
[Date "2005.07.21"]
[Round "5"]
[White "Rossi, Aldo A."]
[Black "Rago, Riccardo"]
[Result "1-0"]
[WhiteElo "2154"]
[BlackElo "2111"]
[PlyCount "80"]
[EventDate "2005.07.18"]

1.Nf3 Nf6 2.d4 g6 3.Bf4 Bg7 4.e3 d6 5.h3 O-O 6.Be2 c5 7.Nbd2 b6 8.O-O Bb7 
9.c3 Nbd7 10.a4 a6 11.Bh2 Ne4 12.Nxe4 Bxe4 13.Nd2 Bb7 14.Re1 Rc8 15.Bf1 h6
16.Nc4 d5 17.Nd2 e5 18.dxe5 Nxe5 19.e4 d4 20.f4 dxc3 21.bxc3 Nd3 22.Re3 c4
23.Nxc4 Rxc4 24.Rxd3 Qc8 25.e5 Rxc3 26.Rxc3 Qxc3 27.Qe1 Qd4+ 28.Kh1 Rc8 
29.Rd1 Qxa4 30.e6 Re8 31.f5 gxf5 32.exf7+ Kxf7 33.Bc4+ Kg6 34.Qf1 Qa5 35.
Bg1 Qc3 36.Rd3 Qe1 37.Rd6+ Kh7 38.Qxf5+ Kh8 39.Bd3 Kg8 40.Rd7 Bc6 1-0

[Event "III Festival Marche Estate Magistrale"]
[Site "Falconara Marittima ITA"]
[Date "2005.07.21"]
[Round "5"]
[White "Tencati, Giuseppe"]
[Black "Capuano, Eugenio"]
[Result "1/2-1/2"]
[WhiteElo "2109"]
[BlackElo "2173"]
[PlyCount "81"]
[EventDate "2005.07.18"]

1.d4 Nf6 2.c4 g6 3.Nf3 Bg7 4.Nc3 O-O 5.e4 d6 6.Be2 e5 7.d5 a5 8.Bg5 h6 9.
Bh4 Na6 10.Nd2 Qe8 11.Rb1 Bd7 12.b3 Nh7 13.f3 f5 14.Bf2 Nf6 15.a3 Nc5 16.
Qc2 h5 17.b4 axb4 18.axb4 Na4 19.Nb5 Bxb5 20.cxb5 Qd7 21.O-O Nb6 22.Rfc1 
Bh6 23.Bd3 fxe4 24.fxe4 Ng4 25.Nf3 Rf7 26.Rf1 Raf8 27.Qe2 Nc8 28.Ra1 Ne7 
29.Ra7 Qc8 30.Rfa1 g5 31.Be3 Nxe3 32.Qxe3 Rf6 33.Qe1 Ng6 34.Bf1 g4 35.Nd2 
Rf2 36.Qxf2 Rxf2 37.Ra8 Be3 38.Rxc8+ Rf8+ 39.Kh1 Rxc8 40.Nc4 Bd4 41.Rc1 
1/2-1/2

[Event "III Festival Marche Estate Magistrale"]
[Site "Falconara Marittima ITA"]
[Date "2005.07.21"]
[Round "5"]
[White "Tomba, Ivan"]
[Black "Stromboli, Ettore"]
[Result "1/2-1/2"]
[WhiteElo "2232"]
[BlackElo "2192"]
[PlyCount "99"]
[EventDate "2005.07.18"]

1.e4 e6 2.d4 d5 3.e5 c5 4.c3 Nc6 5.Nf3 Qb6 6.a3 c4 7.Nbd2 Na5 8.g3 Bd7 9.
Bg2 Be7 10.O-O h5 11.Ne1 Nh6 12.Qxh5 O-O-O 13.Qe2 Nf5 14.Nc2 Rh7 15.f4 Nb3
16.Rb1 Nxd2 17.Bxd2 Rdh8 18.g4 Ba4 19.b3 cxb3 20.gxf5 Bb5 21.Qf2 bxc2 22.
Rb3 Qa6 23.Rc1 Ba4 24.Rb2 Bxa3 25.Rcxc2 Bxc2 26.Rxc2 Qd3 27.Be1 Rxh2 28.c4
Rxg2+ 29.Qxg2 Qxd4+ 30.Qf2 Qxf2+ 31.Bxf2 d4 32.fxe6 fxe6 33.Bxd4 b6 34.Kg2
Rd8 35.Be3 Kc7 36.Kf3 Bc5 37.Bxc5 bxc5 38.Rg2 Rd7 39.Rg6 Re7 40.Ke4 Kd8 
41.f5 Rd7 42.fxe6 Rd4+ 43.Kf3 Rxc4 44.Rxg7 Ra4 45.Rd7+ Ke8 46.Rc7 Ra1 47.
Ke4 Re1+ 48.Kd5 Rd1+ 49.Kc6 c4 50.Kb5 1/2-1/2

[Event "III Festival Marche Estate Magistrale"]
[Site "Falconara Marittima ITA"]
[Date "2005.07.21"]
[Round "5"]
[White "Zilahi, Gabor"]
[Black "Santurbano, Maria Vincenza"]
[Result "0-1"]
[WhiteElo "2117"]
[BlackElo "2001"]
[PlyCount "78"]
[EventDate "2005.07.18"]

1.d4 Nf6 2.Bg5 Ne4 3.h4 h6 4.Bf4 d6 5.f3 Nf6 6.h5 Nbd7 7.d5 c6 8.c4 Qb6 9.
Qd2 cxd5 10.Nc3 e5 11.Bg3 d4 12.Na4 Qc6 13.b3 d5 14.Rc1 Ba3 15.Rc2 Qd6 16.
Kd1 O-O 17.Rh4 Qe7 18.e3 dxe3 19.Qxe3 b6 20.Bd3 Bb7 21.Ne2 d4 22.Qg1 Rac8 
23.Nc1 Bc6 24.Be1 Bxa4 25.bxa4 Nc5 26.Bf5 Rcd8 27.Nd3 Nxa4 28.g4 e4 29.
fxe4 Nxe4 30.g5 Nxg5 31.Rg2 Nb2+ 32.Nxb2 Bxb2 33.Bd3 Bc3 34.Bf2 Qf6 35.
Rhg4 Rfe8 36.Bh4 Qf3+ 37.Kc2 f6 38.Bf2 Re2+ 39.Bxe2 Qxe2+ 0-1

[Event "III Festival Marche Estate Magistrale"]
[Site "Falconara Marittima ITA"]
[Date "2005.07.21"]
[Round "6"]
[White "Capuano, Eugenio"]
[Black "Brigati, Alessandro"]
[Result "1-0"]
[WhiteElo "2173"]
[BlackElo "2034"]
[PlyCount "77"]
[EventDate "2005.07.18"]

1.d4 Nf6 2.Nf3 g6 3.c4 Bg7 4.Nc3 d6 5.e4 O-O 6.Be2 e5 7.O-O Nc6 8.d5 Ne7 
9.b4 Ne8 10.Nd2 f5 11.c5 Rf7 12.Nc4 Bf8 13.f4 exf4 14.Bxf4 fxe4 15.Nxe4 
Bg7 16.Rc1 dxc5 17.d6 Bd4+ 18.Kh1 cxd6 19.bxc5 dxc5 20.Ne5 Rf8 21.Bh6 
Rxf1+ 22.Qxf1 Bf5 23.Bc4+ Nd5 24.Bg5 Qc7 25.Bxd5+ Kg7 26.Nf3 Qd7 27.Nxd4 
cxd4 28.Qc4 h6 29.Qxd4+ Kh7 30.Be3 Rd8 31.Rd1 Qe7 32.Bg8+ Kxg8 33.Qxd8 
Qxe4 34.Bxh6 Kh7 35.Bg5 Bh3 36.Qe7+ Qxe7 37.Bxe7 Bf5 38.Rd8 Nc7 39.Bf6 1-0

[Event "III Festival Marche Estate Magistrale"]
[Site "Falconara Marittima ITA"]
[Date "2005.07.21"]
[Round "6"]
[White "Cecchetto, Vanni"]
[Black "Zilahi, Gabor"]
[Result "0-1"]
[WhiteElo "2019"]
[BlackElo "2117"]
[PlyCount "54"]
[EventDate "2005.07.18"]

1.Nf3 g6 2.c4 Bg7 3.Nc3 c6 4.d4 d5 5.Bf4 Nh6 6.e3 f6 7.cxd5 cxd5 8.Qb3 e6 
9.Nb5 Qa5+ 10.Nd2 Na6 11.Nd6+ Ke7 12.Nxc8+ Rhxc8 13.Qxb7+ Nc7 14.Bxc7 Qxc7
15.Qxc7+ Rxc7 16.Bd3 e5 17.dxe5 fxe5 18.e4 Rd8 19.exd5 Rxd5 20.Be4 Rd4 21.
Ke2 Nf7 22.f3 Bh6 23.Nb3 Ra4 24.Nd2 Nd6 25.b3 Rd4 26.Bd3 Rc3 27.Nc4 Rcxd3 
0-1

[Event "III Festival Marche Estate Magistrale"]
[Site "Falconara Marittima ITA"]
[Date "2005.07.21"]
[Round "6"]
[White "Dvirnyy, Danyyil"]
[Black "Tomba, Ivan"]
[Result "1-0"]
[WhiteElo "2141"]
[BlackElo "2232"]
[PlyCount "47"]
[EventDate "2005.07.18"]

1.e4 c5 2.Nf3 d6 3.d4 cxd4 4.Qxd4 Nc6 5.Bb5 Bd7 6.Bxc6 Bxc6 7.Nc3 Nf6 8.
Bg5 e6 9.O-O-O Be7 10.Qd3 O-O 11.Nd4 Qa5 12.h4 Rfd8 13.f3 Be8 14.g4 Rac8 
15.Kb1 Qc5 16.Qe3 b5 17.Nce2 b4 18.Ng3 Rc7 19.Rh2 Rb8 20.Rg2 Rb6 21.Nh5 
Nxh5 22.gxh5 Ra6 23.Bxe7 Rxe7 24.Rxg7+ 1-0

[Event "III Festival Marche Estate Magistrale"]
[Site "Falconara Marittima ITA"]
[Date "2005.07.21"]
[Round "6"]
[White "Faber, Hugo"]
[Black "Castrogiovanni, Carlo"]
[Result "1/2-1/2"]
[WhiteElo "2167"]
[BlackElo "2108"]
[PlyCount "55"]
[EventDate "2005.07.18"]

1.e4 c5 2.c3 d5 3.exd5 Qxd5 4.d4 Nc6 5.Nf3 Bg4 6.Be2 cxd4 7.cxd4 e6 8.Nc3 
Qd8 9.Be3 Nf6 10.h3 Bxf3 11.Bxf3 Be7 12.O-O O-O 13.d5 exd5 14.Nxd5 Nxd5 
15.Qxd5 Bf6 16.Rfd1 Bxb2 17.Rab1 Bf6 18.Rxb7 Ne5 19.Be2 h6 20.Qc5 Qc8 21.
Rc7 Qe6 22.f4 Qxa2 23.Bf1 Ng6 24.Bc4 Qa4 25.Rdd7 Nh8 26.Bd4 Rab8 27.Rxa7 
Qd1+ 28.Kh2 1/2-1/2